[Event "ECU-chT U20 Girls"]
[Site "Carpuela"]
[Date "2014.05.04"]
[Round "3.4"]
[White "Salinas Castro, Mercy Yolanda"]
[Black "Uquillas Trujillo, Melanie"]
[Result "1-0"]
[WhiteElo "1389"]
[BlackElo "1471"]
[PlyCount "67"]
[EventDate "2014.05.03"]
[EventType "team-swiss"]
[EventRounds "7"]
[EventCountry "ECU"]
[SourceTitle "CBM 160 Extra"]
[Source "ChessBase"]
[SourceDate "2014.07.01"]
[SourceVersion "1"]
[SourceVersionDate "2014.07.01"]
[SourceQuality "1"]
[WhiteTeam "Morona Santiago (W)"]
[BlackTeam "Chimborazo (W)"]
[WhiteTeamCountry "ECU"]
[BlackTeamCountry "ECU"]

1. e4 e6 2. d4 d5 3. Nd2 Nf6 4. exd5 exd5 5. Ngf3 Bd6 6. Bd3 0-0 7. 0-0 Nc6 8. Re1 Bg4 9. c3 Qd7 10. Nf1 Rae8 11. Be3 Ne4 12. Qc2 f5 13. Nh4 Qe7 14. g3 Bh3 15. Ng2 Qf6 16. Nf4 Ng5 17. Nd2 Bxf4 18. Bxf4 Ne6 19. Be5 Nxe5 20. Rxe5 g6 21. Bf1 Bxf1 22. Kxf1 Ng5 23. Rae1 c6 24. Rxe8 Ne4 25. Rxf8+ Qxf8 26. Nxe4 dxe4 27. Qb3+ Qf7 28. Qxf7+ Kxf7 29. h4 Ke6 30. f3 Kd5 31. b3 b5 32. fxe4+ fxe4 33. Kf2 a5 34. Ke3 1-0

[Event "ECU-chT U20 Girls"]
[Site "Carpuela"]
[Date "2014.05.03"]
[Round "2.4"]
[White "Uquillas Trujillo, Melanie"]
[Black "Alarcon Vergara, Daysy Daniela"]
[Result "1-0"]
[WhiteElo "1471"]
[BlackElo "1584"]
[PlyCount "64"]
[EventDate "2014.05.03"]
[EventType "team-swiss"]
[EventRounds "7"]
[EventCountry "ECU"]
[SourceTitle "CBM 160 Extra"]
[Source "ChessBase"]
[SourceDate "2014.07.01"]
[SourceVersion "1"]
[SourceVersionDate "2014.07.01"]
[SourceQuality "1"]
[WhiteTeam "Chimborazo (W)"]
[BlackTeam "Orellana (W)"]
[WhiteTeamCountry "ECU"]
[BlackTeamCountry "ECU"]

1. e4 c5 2. Nc3 Nc6 3. g3 g6 4. Bg2 Bg7 5. Nge2 Nf6 6. d3 0-0 7. h3 e6 8. Be3 d5 9. Bxc5 Re8 10. 0-0 d4 11. Nb1 Nd7 12. Ba3 Nce5 13. Nd2 a5 14. f4 Nc6 15. b3 b5 16. Bb2 b4 17. Nf3 e5 18. Qe1 h6 19. fxe5 Ndxe5 20. Nxe5 Bxe5 21. Qf2 Bb7 22. Bc1 Kh7 23. Nf4 Qd6 24. h4 h5 25. Nd5 Bxg3 26. Nf6+ Kh8 27. Qd2 Bh2+ 28. Kh1 Bf4 29. Qxf4 Qxf4 30. Bxf4 Ne7 31. Bd6 Rac8 32. Bxe7 Rxe7 1-0